Loading...
U A E gulfinte muthu /
| Hovedforfatter: | |
|---|---|
| Sprog: | Undetermined |
| Udgivet: |
N B S :
Kottayam ,
1992.
|
| Fag: |
| LEADER | 00464nam a2200157Ia 4500 | ||
|---|---|---|---|
| 001 | 6487 | ||
| 008 | 170722s9999 xx 000 0 und d | ||
| 100 | |a Sainudeen, Kaniyapuram | ||
| 245 | |a U A E gulfinte muthu / | ||
| 260 | |a N B S : |b Kottayam , |c 1992. | ||
| 300 | |a 149 p. |c 17.3cms | ||
| 653 | |a Generalia | ||
| 653 | |a Gulf | ||
| 942 | |c GEN | ||
| 999 | |c 112681 |d 112681 | ||
| 952 | |0 0 |1 0 |4 0 |6 Z_49D_32N2 |7 0 |9 158999 |a LIB |b LIB |d 2013-03-25 |o z49D 32N2 |p 213389 |r 2017-08-12 |w 2017-08-12 |y GEN | ||